| 000 | 00971nam a2200289Ia 4500 | ||
|---|---|---|---|
| 008 | 130821s2012 ag a gr spa | ||
| 020 | _a9789501210637 | ||
| 040 |
_aCo-BoUCM _bspa |
||
| 041 | 0 | 0 | _aspa |
| 100 | 1 | _aCovey, Stephen R. | |
| 245 | 1 | 0 |
_aPrimero, lo primero vivir, amar, aprender, dejar un legado _cStephen R. Covey, A. Roger Merrill, Rebecca R. Merrill |
| 260 |
_aBuenos Aires (Argentina) _bPaidós _c2012 |
||
| 300 |
_a440 páginas _bilustraciones |
||
| 490 | _aBiblioteca Covey | ||
| 504 | _aincluye biliografía. | ||
| 650 | 0 | 4 |
_aAdministración de empresas _9435 |
| 650 | 0 | 4 |
_aEfectividad organizacional _913904 |
| 650 | 0 | 4 | _aÉxito |
| 650 | 0 | 4 |
_aLiderazgo _918533 |
| 650 | 0 | 4 |
_aUso del tiempo _926024 |
| 700 | 1 |
_aBolanca, Alejandra _etraductor |
|
| 700 | 1 | _aMerrill, Rebecca R. | |
| 700 | 1 | _aMerrill, Roger A. | |
| 765 | 1 | _tFirst Things First | |
| 942 |
_cLIBRO _a16 _e1 _mC873pr _2DEWEY _h658.409 |
||
| 999 |
_c41026 _d41026 |
||